[Event "Champ FRA - Under 12"]
[Site "Europe Echecs"]
[Date "2020.07.08"]
[Round "8"]
[White "BiardNoah"]
[Black "AuribaultLouis"]
[Result "0-1"]
[WhiteElo "1339"]
[BlackElo "1618"]
[PlyCount "54"]
[EventDate "2020.??.??"]

1. e4 e5 2. Nf3 Nc6 3. Bc4 Bc5 4. c3 Nf6 5. d3 a6 6. O-O Ba7 7. Bg5 h6 8. Bh4
d6 9. Re1 Bd7 10. Nbd2 Qe7 11. Qb3 Na5 12. Qb4 Nxc4 13. Nxc4 O-O-O 14. Na5 b6
15. Nc4 g5 16. Bg3 Rdg8 17. Qa3 Kb7 18. Nfd2 h5 19. h3 g4 20. h4 Nh7 21. Nxe5
Re8 22. Nxd7 Qxd7 23. Nc4 f5 24. exf5 Qxf5 25. Bxd6 b5 26. Qb4 Qxf2+ 27. Kh2
Qxh4# {BiardNoah est échec et mat} 0-1

[Event "Champ FRA - Under 12"]
[Site "Europe Echecs"]
[Date "2020.07.08"]
[Round "8"]
[White "NoerdingerLeo"]
[Black "BOUMRARAyrad"]
[Result "1/2-1/2"]
[WhiteElo "1605"]
[BlackElo "1431"]
[PlyCount "135"]
[EventDate "2020.??.??"]

1. e4 c5 2. Nf3 Nc6 3. Bb5 d6 4. Bxc6+ bxc6 5. d3 Bg4 6. h3 Bh5 7. O-O Nf6 8.
Nc3 e5 9. b3 Nd7 10. Re1 Be7 11. Re3 O-O 12. Qf1 h6 13. Nd2 Bg5 14. Re1 Bf4 15.
Nc4 Bxc1 16. Raxc1 Nb6 17. Ne3 Bg6 18. Kh1 d5 19. Ng4 f6 20. f4 h5 21. Nh2 d4
22. Ne2 Qc7 23. f5 Bf7 24. g4 hxg4 25. hxg4 g6 26. Nf3 g5 27. Qh3 Kg7 28. Kg2
Rh8 29. Qg3 Rh7 30. Rh1 Rah8 31. Rxh7+ Rxh7 32. Rh1 Rxh1 33. Kxh1 Qd8 34. Qh3
Qh8 35. Qxh8+ Kxh8 36. Ng3 Kg8 37. Kg2 Kf8 38. Nd2 Ke7 39. Kf2 Nd7 40. Nb1 Kd6
41. Kf3 Kc7 42. Nh1 Kb6 43. Nf2 Kb5 44. Nd1 a5 45. Nb2 Kb4 46. Na4 Kb5 47. Ke2
Bg8 48. Kd2 Bf7 49. Kc1 Bg8 50. Kb2 Bf7 51. Na3+ Ka6 52. Kc1 Kb7 53. Nb2 Nb6
54. Nac4 Bxc4 55. Nxc4 Nxc4 56. dxc4 Kb6 57. Kb2 Ka6 58. Ka3 Kb6 59. Ka4 Ka6
60. a3 Kb6 61. b4 axb4 62. axb4 cxb4 63. Kxb4 c5+ 64. Kb3 Ka6 65. Ka4 Kb6 66.
Kb3 Ka6 67. Ka4 Kb6 68. Kb3 {Nulle par répétition} 1/2-1/2

[Event "Champ FRA - Under 12"]
[Site "Europe Echecs"]
[Date "2020.07.08"]
[Round "8"]
[White "FolioPierre"]
[Black "FrelauMatthias"]
[Result "0-1"]
[WhiteElo "1349"]
[BlackElo "1592"]
[PlyCount "48"]
[EventDate "2020.??.??"]

1. Nf3 d6 2. d4 Nf6 3. c4 g6 4. Nc3 Bg7 5. g3 O-O 6. Bg2 Nbd7 7. e4 e5 8. O-O
Ne8 9. dxe5 dxe5 10. Ne1 Nd6 11. f4 exf4 12. Bxf4 Nxc4 13. Qd5 Nxb2 14. Be5
Nxe5 15. Qxd8 Rxd8 16. Nd5 c6 17. Nb4 Nbd3 18. Nexd3 Nxd3 19. Rad1 Bd4+ 20. Kh1
Nxb4 21. a3 Nc2 22. Rd3 Bg4 23. Rf4 Be6 24. Rf1 Bc4 {FolioPierre a abandonné}
0-1

[Event "Champ FRA - Under 12"]
[Site "Europe Echecs"]
[Date "2020.07.08"]
[Round "8"]
[White "DurandBenmouss"]
[Black "RajapAhmedAsif"]
[Result "1-0"]
[WhiteElo "1558"]
[BlackElo "1428"]
[PlyCount "107"]
[EventDate "2020.??.??"]

1. d4 d5 2. Bf4 Bf5 3. e3 Nf6 4. Nd2 e6 5. Ngf3 c5 6. c3 Nc6 7. Bb5 cxd4 8.
exd4 Bd6 9. Ne5 Qc7 10. Ndf3 O-O 11. O-O a6 12. Bd3 Bxd3 13. Qxd3 Ne4 14. Bg3
Nxg3 15. fxg3 Nxe5 16. dxe5 Bxe5 17. Rae1 Bf6 18. g4 g6 19. g5 Bg7 20. Nd4 e5
21. Ne2 Qc5+ 22. Kh1 e4 23. Qg3 Rae8 24. h4 f5 25. gxf6 Bxf6 26. h5 Be5 27. Qg4
Qe3 28. Rxf8+ Kxf8 29. Rf1+ Kg8 30. hxg6 Qh6+ 31. Kg1 Bh2+ 32. Kf2 Rf8+ 33. Ke1
hxg6 34. Rxf8+ Kxf8 35. Qc8+ Kf7 36. Qxb7+ Kg8 37. Qa8+ Kg7 38. Qxd5 e3 39.
Qd7+ Kh8 40. g3 Qg5 41. Qh3+ Qh5 42. Qxh5+ gxh5 43. Kf1 Bxg3 44. Nxg3 h4 45.
Ne2 Kg7 46. Kg2 Kg6 47. Kh3 Kf5 48. Kxh4 Ke4 49. Kg3 Kd3 50. Kf3 a5 51. Nd4 e2
52. Nxe2 Kc2 53. c4 Kxb2 54. c5 {RajapAhmedAsif a abandonné} 1-0

[Event "Champ FRA - Under 12"]
[Site "Europe Echecs"]
[Date "2020.07.08"]
[Round "8"]
[White "PierrotYohann"]
[Black "HueberMaxime"]
[Result "1/2-1/2"]
[WhiteElo "1519"]
[BlackElo "1420"]
[PlyCount "92"]
[EventDate "2020.??.??"]

1. e4 Nc6 2. d4 d5 3. e5 Bf5 4. Nf3 e6 5. c3 Nge7 6. Bd3 Qd7 7. Be3 Bxd3 8.
Qxd3 Nf5 9. O-O O-O-O 10. Nbd2 h6 11. b4 g5 12. a4 g4 13. Ne1 h5 14. Nb3 h4 15.
b5 Nb8 16. a5 g3 17. Nf3 gxh2+ 18. Nxh2 Be7 19. b6 axb6 20. axb6 c6 21. c4 dxc4
22. Qxc4 Qd5 23. Qa4 Rdg8 24. f3 Nxe3 25. Na5 Rxg2+ 26. Kh1 Qd7 27. Rfe1 Rxh2+
28. Kxh2 Nd5 29. Reb1 Nc3 30. Qb3 Nxb1 31. Qxb1 Qxd4 32. Nxb7 Qf2+ 33. Kh1
Qxf3+ 34. Kh2 Qf2+ 35. Kh1 h3 36. Ra2 Qf5 37. Qb3 Qxe5 38. Qa4 Qd5+ 39. Kh2
Qe5+ 40. Kh1 Qd5+ 41. Kh2 Bd6+ 42. Nxd6+ Qxd6+ 43. Kh1 Qd5+ 44. Kh2 Qd6+ 45.
Kh1 Qd5+ 46. Kh2 Qd6+ {Nulle par répétition} 1/2-1/2

[Event "Champ FRA - Under 12"]
[Site "Europe Echecs"]
[Date "2020.07.08"]
[Round "8"]
[White "DetrazSamuel"]
[Black "PoulainEmilien"]
[Result "1-0"]
[WhiteElo "1509"]
[BlackElo "1322"]
[PlyCount "131"]
[EventDate "2020.??.??"]

1. d4 d6 2. c4 Nf6 3. Nc3 g6 4. e4 Bg7 5. Nf3 O-O 6. h3 c5 7. d5 Nbd7 8. Be3
Nb6 9. Qd2 a6 10. g4 Nfd7 11. Bh6 Qc7 12. h4 Nf6 13. g5 Bxh6 14. gxh6 Bg4 15.
Nh2 Bc8 16. Be2 Nbd7 17. h5 Ne5 18. f4 Ned7 19. O-O-O Rb8 20. Rdg1 Qd8 21. f5
Ne5 22. Nf3 Nxf3 23. Bxf3 Qe8 24. Qg5 Kh8 25. hxg6 fxg6 26. fxg6 hxg6 27. Qxg6
Qxg6 28. Rxg6 Rg8 29. Rhg1 Rxg6 30. Rxg6 Bd7 31. Rg7 e6 32. Ne2 Rg8 33. dxe6
Bxe6 34. Nf4 Rxg7 35. hxg7+ Kxg7 36. Nxe6+ Kg6 37. Nd8 b5 38. cxb5 axb5 39. Nb7
Ne8 40. a3 Kg5 41. Kd2 Kf4 42. Bh1 Ke5 43. Nd8 Nf6 44. Nf7+ Ke6 45. Ng5+ Ke5
46. b3 Kd4 47. Bf3 Nd7 48. Bg4 Ne5 49. Nf3+ Kxe4 50. Nxe5 Kxe5 51. Bd7 b4 52.
a4 Kf6 53. a5 Ke7 54. a6 Kxd7 55. a7 Ke6 56. a8=Q Ke5 57. Kd3 c4+ 58. Kxc4 d5+
59. Qxd5+ Kf4 60. Qe6 Kf3 61. Kd4 Kg3 62. Qf5 Kh4 63. Qg6 Kh3 64. Ke3 Kh2 65.
Kf3 Kh1 66. Qg2# {PoulainEmilien est échec et mat} 1-0

[Event "Champ FRA - Under 12"]
[Site "Europe Echecs"]
[Date "2020.07.08"]
[Round "8"]
[White "EugeneNathael"]
[Black "BaudouinMoise"]
[Result "0-1"]
[WhiteElo "1508"]
[BlackElo "1135"]
[PlyCount "144"]
[EventDate "2020.??.??"]

1. e4 e6 2. Qe2 d5 3. exd5 Qxd5 4. Nc3 Qd8 5. Nf3 Nf6 6. g3 b6 7. Bg2 Bb7 8. d3
Be7 9. Bf4 Nbd7 10. Nb5 Nd5 11. Bd2 O-O 12. O-O a6 13. Nc3 c5 14. Nxd5 exd5 15.
Rfe1 Re8 16. Bf4 Nf6 17. Qd2 Nh5 18. Bg5 f6 19. Bf4 Nxf4 20. Qxf4 Qd6 21. Qe5
fxe5 22. Nxe5 Bf6 23. Nf3 Rxe1+ 24. Rxe1 d4 25. Nd2 Bxg2 26. Kxg2 Bg5 27. Ne4
Qd5 28. Kg1 Bf6 29. Re2 Qh5 30. Re1 Re8 31. a3 Kf7 32. Nd6+ Kf8 33. Rxe8+ Qxe8
34. Nxe8 Kxe8 35. Kg2 Kf7 36. Kf3 Ke6 37. Ke4 g5 38. g4 h6 39. h3 a5 40. a4 Kd6
41. Kf5 Be7 42. b3 Bf8 43. f3 Ke7 44. Ke5 Bg7+ 45. Kf5 Kf7 46. f4 Bf6 47. fxg5
Bxg5 48. Ke5 Ke7 49. Kd5 Kd7 50. Ke5 Kc6 51. Kf5 Kd5 52. Kg6 Ke5 53. Kh5 Kf4
54. h4 Bf6 55. Kxh6 Bxh4 56. Kg6 Ke3 57. g5 Bxg5 58. Kxg5 Kd2 59. Kf6 Kxc2 60.
Ke6 Kxd3 61. Kd6 Kc3 62. Kc6 d3 63. Kxb6 d2 64. Kxa5 d1=Q 65. Kb6 Qd6+ 66. Ka7
Qc7+ 67. Ka8 Kb4 68. a5 Kb5 69. a6 Qc8+ 70. Ka7 Qc7+ 71. Ka8 Kxa6 72. b4 Qb7# {
EugeneNathael est échec et mat} 0-1

[Event "Champ FRA - Under 12"]
[Site "Europe Echecs"]
[Date "2020.07.08"]
[Round "8"]
[White "LeNeindreYael"]
[Black "IlinArtem"]
[Result "1-0"]
[WhiteElo "1258"]
[BlackElo "1504"]
[PlyCount "55"]
[EventDate "2020.??.??"]

1. d4 Nf6 2. c4 e6 3. Nc3 Bb4 4. Bg5 d5 5. Nf3 O-O 6. e3 a6 7. Bd3 dxc4 8. Bxc4
b5 9. Bb3 Bb7 10. O-O Nbd7 11. Re1 Bxc3 12. bxc3 c5 13. c4 bxc4 14. Bxc4 cxd4
15. Nxd4 Qc7 16. Rc1 Qa5 17. Bxf6 Nxf6 18. Qb3 Rab8 19. Qd3 Qg5 20. Qf1 Rfc8
21. Be2 a5 22. Bf3 Bxf3 23. Nxf3 Qd5 24. Qa6 Rxc1 25. Rxc1 Qxa2 26. Rc8+ Ne8
27. Rxb8 Qa1+ 28. Qf1 {IlinArtem a abandonné} 1-0

[Event "Champ FRA - Under 12"]
[Site "Europe Echecs"]
[Date "2020.07.08"]
[Round "8"]
[White "GuillouPaul"]
[Black "CiarlettaIris"]
[Result "0-1"]
[WhiteElo "1157"]
[BlackElo "1493"]
[PlyCount "144"]
[EventDate "2020.??.??"]

1. d4 Nf6 2. c4 c5 3. Nc3 cxd4 4. Qxd4 Nc6 5. Qd1 g6 6. Bf4 Bg7 7. Nf3 O-O 8.
e3 d6 9. Be2 Be6 10. O-O Rc8 11. Nd4 Nxd4 12. exd4 Bd7 13. b3 a6 14. Rc1 Bf5
15. Bg5 Ne4 16. Nxe4 Bxe4 17. Re1 Bf5 18. Bf3 f6 19. Bh4 b5 20. cxb5 axb5 21.
Rxc8 Qxc8 22. Qc1 e5 23. dxe5 dxe5 24. Bc6 b4 25. Bd5+ Kh8 26. Bf3 h5 27. h3
Qa6 28. Qd2 Kh7 29. Be2 Qa5 30. Rd1 g5 31. Bg3 h4 32. Bh2 Ra8 33. Ra1 Rd8 34.
Qe3 Ra8 35. Qd2 Rd8 36. Qe3 Rd7 37. Bg4 Bxg4 38. hxg4 Qd5 39. f3 Kh6 40. Qe1
Qd4+ 41. Kh1 Qc3 42. Qxc3 bxc3 43. Rc1 Rd2 44. Rxc3 Rxa2 45. Rc6 Kh7 46. b4 Rb2
47. Rb6 Rb1+ 48. Bg1 Kg6 49. Rb8 Kf7 50. Kh2 Bf8 51. b5 Bd6 52. Rb7+ Kg6 53.
Rd7 Bb8 54. b6 e4+ 55. Kh1 e3 56. Re7 Rxb6 57. Rxe3 Rb1 58. Re7 Bd6 59. Re3 Bc5
60. Kh2 Bxe3 61. Bxe3 Rb3 62. Bf2 f5 63. Kh3 fxg4+ 64. Kxg4 Rb2 65. Be1 Rxg2+
66. Kh3 Re2 67. Ba5 Kf5 68. Bb6 Rb2 69. Bd4 Rb4 70. Bf2 Kf4 71. Be1 Rb3 72.
Bd2+ Kf5 {GuillouPaul a abandonné} 0-1

[Event "Champ FRA - Under 12"]
[Site "Europe Echecs"]
[Date "2020.07.08"]
[Round "8"]
[White "KarushkovNguye"]
[Black "PogodallaVicto"]
[Result "0-1"]
[WhiteElo "1013"]
[BlackElo "1458"]
[PlyCount "24"]
[EventDate "2020.??.??"]

1. e4 c5 2. Nf3 Nc6 3. d4 cxd4 4. Nxd4 g6 5. Nc3 Bg7 6. Be3 Nf6 7. f3 O-O 8.
Qd2 d5 9. exd5 Nxd5 10. Nxd5 Qxd5 11. O-O-O Qxa2 12. Nb3 Qxb2# {KarushkovNguye
est échec et mat} 0-1

[Event "Champ FRA - Under 12"]
[Site "Europe Echecs"]
[Date "2020.07.08"]
[Round "8"]
[White "GardeGuillaume"]
[Black "RaykoAlexis"]
[Result "1-0"]
[WhiteElo "1716"]
[BlackElo "1214"]
[PlyCount "43"]
[EventDate "2020.??.??"]

1. e4 e6 2. d4 d5 3. Bd3 b6 4. exd5 exd5 5. Nf3 h6 6. O-O Be7 7. Re1 Nf6 8. Nc3
Ba6 9. Bxa6 Nxa6 10. Qe2 c6 11. Qxa6 O-O 12. Qd3 Re8 13. Bf4 Bd6 14. Rxe8+ Nxe8
15. Bxd6 Nxd6 16. Re1 Qd7 17. h3 Nc4 18. b3 Nd6 19. Ne5 Qe6 20. Re2 Rc8 21.
Nxc6 Qf5 22. Ne7+ {RaykoAlexis a abandonné} 1-0

[Event "Champ FRA - Under 12"]
[Site "Europe Echecs"]
[Date "2020.07.08"]
[Round "8"]
[White "LeVenTelo"]
[Black "SanguinettiEdo"]
[Result "1-0"]
[WhiteElo "1720"]
[BlackElo "1312"]
[PlyCount "75"]
[EventDate "2020.??.??"]

1. e4 e6 2. d4 d5 3. Nc3 Nf6 4. e5 Nfd7 5. Nf3 c5 6. Bg5 Be7 7. Bxe7 Qxe7 8.
Nb5 O-O 9. Nc7 cxd4 10. Nxa8 Qd8 11. Nxd4 Nxe5 12. Nb5 a6 13. Nc3 Nbc6 14. Bd3
Bd7 15. Qh5 Ng6 16. Na4 Qa5+ 17. Nc3 Rxa8 18. O-O d4 19. Qxa5 Nxa5 20. Ne2 e5
21. f4 Nc6 22. c3 dxc3 23. Nxc3 exf4 24. Bxg6 fxg6 25. Rxf4 Bf5 26. Raf1 Ne5
27. Nd5 Re8 28. Kh1 Nd3 29. R4f3 Nxb2 30. Kg1 Nc4 31. g4 Nd2 32. gxf5 Nxf3+ 33.
Rxf3 Re5 34. Ne3 gxf5 35. Nxf5 Re1+ 36. Kf2 Rc1 37. Ne7+ Kh8 38. Rf8# {
SanguinettiEdo est échec et mat} 1-0

[Event "Champ FRA - Under 12"]
[Site "Europe Echecs"]
[Date "2020.07.08"]
[Round "8"]
[White "LeroySerge"]
[Black "ParalieuMaxime"]
[Result "1-0"]
[WhiteElo "1291"]
[BlackElo "1569"]
[PlyCount "139"]
[EventDate "2020.??.??"]

1. d4 Nf6 2. c4 e6 3. Nf3 d5 4. g3 c5 5. dxc5 Bxc5 6. Bg2 Nc6 7. cxd5 exd5 8.
O-O O-O 9. b3 Be6 10. Bb2 Rc8 11. Nbd2 Be7 12. Rc1 Qd7 13. e3 Rfd8 14. Qe2 h6
15. Rfd1 a5 16. Ne5 Nxe5 17. Bxe5 a4 18. Bb2 axb3 19. axb3 Qd6 20. Nc4 Qb4 21.
Ba3 Qxb3 22. Bxe7 Re8 23. Bxf6 dxc4 24. Bd4 b5 25. Qc2 Qa3 26. Ra1 Qe7 27. Qb2
Qg5 28. Ra5 Rb8 29. Be5 b4 30. Bxb8 Qxa5 31. Ra1 Qb5 32. Bf4 c3 33. Qc2 Rd8 34.
Rb1 Rd2 35. Qxc3 bxc3 36. Rxb5 c2 37. Rb8+ Kh7 38. Be4+ g6 39. Bxc2 Rxc2 40.
Be5 g5 41. f4 gxf4 42. exf4 Rc1+ 43. Kg2 Rc2+ 44. Kf3 Rxh2 45. Ke4 Re2+ 46. Kf3
Rc2 47. g4 Bd5+ 48. Ke3 Rg2 49. f5 f6 50. Bxf6 Bg8 51. Rb7+ Bf7 52. Rxf7+ Kg8
53. Rd7 Rxg4 54. Rd4 Rg1 55. Kf4 Kf7 56. Bd8 Rf1+ 57. Ke5 Re1+ 58. Re4 Rd1 59.
Bc7 Rc1 60. Bd6 Rb1 61. Rd4 Rb5+ 62. Rd5 Rb1 63. f6 Re1+ 64. Kf5 Rf1+ 65. Bf4
h5 66. Rd7+ Ke8 67. f7+ Kf8 68. Kg5 h4 69. Bd6+ Kg7 70. f8=Q# {ParalieuMaxime
est échec et mat} 1-0

[Event "Champ FRA - Under 12"]
[Site "Europe Echecs"]
[Date "2020.07.08"]
[Round "8"]
[White "VarinTimeo"]
[Black "RequenaSacha"]
[Result "0-1"]
[WhiteElo "1287"]
[BlackElo "1397"]
[PlyCount "90"]
[EventDate "2020.??.??"]

1. e4 e5 2. Nf3 Nc6 3. Bc4 Bc5 4. c3 Nf6 5. d4 exd4 6. cxd4 Bb4+ 7. Nc3 O-O 8.
O-O Bxc3 9. bxc3 Nxe4 10. Qd3 d5 11. Bb3 Bf5 12. Qb5 Rb8 13. Qxd5 Qxd5 14. Bxd5
Nxc3 15. Bxc6 bxc6 16. Bf4 Ne2+ 17. Kh1 Nxf4 18. Rfc1 Be4 19. Ne1 Rb2 20. f3
Bd5 21. Rab1 Rfb8 22. Ra1 h6 23. Kg1 Ne2+ 24. Kf1 Nxc1 25. Rxc1 Rb1 26. Rxb1
Rxb1 27. Kf2 Rb2+ 28. Ke3 Bc4 29. a4 Re2+ 30. Kf4 Rxe1 31. a5 Ra1 32. d5 cxd5
33. Ke5 c6 34. f4 Rxa5 35. g4 Rb5 36. h4 a5 37. g5 hxg5 38. hxg5 a4 39. f5 a3
40. f6 g6 41. Kd4 a2 42. Ke3 a1=Q 43. Kd2 Qa3 44. Kc2 Rb2+ 45. Kc1 Qa1# {
VarinTimeo est échec et mat} 0-1

[Event "Champ FRA - Under 12"]
[Site "Europe Echecs"]
[Date "2020.07.08"]
[Round "8"]
[White "DromardBenjami"]
[Black "FolioThomas"]
[Result "1-0"]
[WhiteElo "1250"]
[BlackElo "1364"]
[PlyCount "95"]
[EventDate "2020.??.??"]

1. e4 c5 2. Nf3 Nc6 3. d4 cxd4 4. Nxd4 g6 5. Be3 Nf6 6. Nc3 Bg7 7. Bc4 d6 8. f3
Bd7 9. Bb3 O-O 10. Qd2 Rc8 11. O-O-O Ne5 12. Bh6 Qa5 13. Bxg7 Kxg7 14. h4 Nc4
15. Bxc4 Rxc4 16. h5 Nxh5 17. g4 Nf6 18. Qh6+ Kg8 19. g5 Nh5 20. Rxh5 gxh5 21.
Nb3 Qe5 22. Qxh5 Rfc8 23. Rh1 Qg7 24. Rh2 b6 25. Nd5 Re8 26. Nc3 a5 27. f4 Rec8
28. f5 a4 29. Nd2 a3 30. Ndb1 axb2+ 31. Kxb2 Rb4+ 32. Kc1 Rbc4 33. Nd5 Rxe4 34.
f6 Qg6 35. Qxg6+ fxg6 36. Nxe7+ Rxe7 37. fxe7 Re8 38. Re2 Kf7 39. Nc3 Rxe7 40.
Rxe7+ Kxe7 41. Nd5+ Ke6 42. Nxb6 Bb5 43. c4 Bc6 44. a4 Kf5 45. a5 Bb7 46. Nd5
Kxg5 47. Kd2 h5 48. Ke3 {FolioThomas a perdu au temps} 1-0

[Event "Champ FRA - Under 12"]
[Site "Europe Echecs"]
[Date "2020.07.08"]
[Round "8"]
[White "TureshbayevAno"]
[Black "LambertHoareau"]
[Result "0-1"]
[WhiteElo "799"]
[BlackElo "1348"]
[PlyCount "20"]
[EventDate "2020.??.??"]

1. e4 d5 2. exd5 Nf6 3. Nc3 Nxd5 4. Nxd5 Qxd5 5. Nf3 Bg4 6. Be2 e6 7. O-O Bd6
8. h3 Bxf3 9. Bxf3 Qe5 10. Bxb7 Qh2# {TureshbayevAno est échec et mat} 0-1

[Event "Champ FRA - Under 12"]
[Site "Europe Echecs"]
[Date "2020.07.08"]
[Round "8"]
[White "DaoAntoine"]
[Black "DebbicheIdriss"]
[Result "1-0"]
[WhiteElo "1330"]
[BlackElo "1065"]
[PlyCount "115"]
[EventDate "2020.??.??"]

1. e4 d6 2. Nf3 Nf6 3. Nc3 g6 4. d4 Bg7 5. Be3 O-O 6. Bc4 Nxe4 7. Nxe4 d5 8.
Bxd5 Qxd5 9. Nc3 Qd8 10. O-O Nc6 11. h3 a6 12. Qd2 b5 13. Bh6 Bb7 14. Bxg7 Kxg7
15. Rad1 Qd6 16. Ne4 Qd7 17. Nc5 Qc8 18. d5 Nd8 19. Qd4+ f6 20. Rfe1 e5 21. Qd3
Nf7 22. Ne6+ Kg8 23. Nxf8 Kxf8 24. Qa3+ Kg7 25. Qe7 c6 26. d6 c5 27. d7 Qd8 28.
Qxd8 Rxd8 29. Re3 Bc6 30. Rc3 Rxd7 31. Rxd7 Bxd7 32. Rxc5 Bf5 33. c3 Bb1 34. a3
Be4 35. Nd2 Bb7 36. Rc7 Bd5 37. Ra7 f5 38. Rxa6 Nd8 39. Rd6 Bxg2 40. Kxg2 Nf7
41. Rd7 Kf6 42. Rb7 Ng5 43. Nf3 Ne4 44. Rxb5 Nd6 45. Rb6 Ke6 46. a4 e4 47. Nd4+
Kd5 48. a5 Nc4 49. Rb5+ Kd6 50. a6 e3 51. fxe3 Nxe3+ 52. Kf3 Nd5 53. Rxd5+ Kxd5
54. a7 Kc4 55. a8=Q Kd3 56. Qa6+ Kd2 57. Qe2+ Kc1 58. Qc2# {DebbicheIdriss est
échec et mat} 1-0

[Event "Champ FRA - Under 12"]
[Site "Europe Echecs"]
[Date "2020.07.08"]
[Round "8"]
[White "BreuilVirgile"]
[Black "ReymannNathan"]
[Result "1-0"]
[WhiteElo "1622"]
[BlackElo "1330"]
[PlyCount "117"]
[EventDate "2020.??.??"]

1. e4 e5 2. Nc3 Nf6 3. d3 Bb4 4. f4 exf4 5. Bxf4 d5 6. exd5 Nxd5 7. Bd2 Nxc3 8.
bxc3 Bc5 9. d4 Bb6 10. Nf3 O-O 11. Bd3 Nc6 12. O-O Ne7 13. Re1 Ng6 14. Bxg6
hxg6 15. Bg5 Qd7 16. Ne5 Qd5 17. Be3 Bf5 18. Qf3 Qxf3 19. Nxf3 Bxc2 20. Ne5 Bf5
21. c4 Ba5 22. Rf1 c6 23. g4 Be6 24. Rab1 Bc8 25. d5 cxd5 26. cxd5 Bc7 27. Nc4
Rd8 28. Rfd1 Bd6 29. Nxd6 Rxd6 30. Bf4 Rd8 31. d6 b6 32. Rbc1 Bxg4 33. Rd4 Be6
34. a3 Rd7 35. Rc7 Rad8 36. Rd2 f6 37. Re2 Kf7 38. Kf2 g5 39. Bg3 f5 40. h4 f4
41. Bh2 Bg4 42. Re4 Kg8 43. hxg5 Rxd6 44. Rxf4 Rd2+ 45. Kg3 Be6 46. Bg1 R8d3+
47. Rf3 Rxf3+ 48. Kxf3 Rd3+ 49. Ke2 Rxa3 50. g6 Kf8 51. Bd4 Ra2+ 52. Ke1 Ra4
53. Bxg7+ Kg8 54. Bf6 Rg4 55. g7 Rg6 56. Bc3 a5 57. Rb7 Bf7 58. Rb8+ Kh7 59.
Rh8# {ReymannNathan est échec et mat} 1-0

[Event "Champ FRA - Under 12"]
[Site "Europe Echecs"]
[Date "2020.07.08"]
[Round "8"]
[White "TallecHadrien"]
[Black "BonfilsDussaux"]
[Result "1-0"]
[WhiteElo "1587"]
[BlackElo "1240"]
[PlyCount "97"]
[EventDate "2020.??.??"]

1. e4 c5 2. Nf3 d6 3. Bb5+ Bd7 4. Bxd7+ Qxd7 5. c4 Nf6 6. Nc3 g6 7. d4 cxd4 8.
Nxd4 Bg7 9. Be3 Ng4 10. Qd3 Nxe3 11. Qxe3 Nc6 12. Nde2 O-O 13. O-O a6 14. Rad1
Qc7 15. Nd5 Qd8 16. c5 dxc5 17. Nf6+ Bxf6 18. Rxd8 Rfxd8 19. Qxc5 Rac8 20. Qa3
Rd2 21. Nc3 Nd4 22. h3 Ne2+ 23. Nxe2 Rxe2 24. b3 Rcc2 25. Qb4 b5 26. a4 bxa4
27. bxa4 Rb2 28. Qc4 Bh4 29. g3 Rbc2 30. Qxa6 Bxg3 31. Qb6 Bxf2+ 32. Rxf2 Rxf2
33. Qxf2 Rxf2 34. Kxf2 Kf8 35. a5 Ke8 36. a6 Kd7 37. a7 Ke6 38. a8=Q Ke5 39.
Qd5+ Kf6 40. e5+ Kg7 41. Qd7 e6 42. Kg3 h5 43. Kh4 Kg8 44. Kg5 Kg7 45. h4 Kg8
46. Kf6 Kh8 47. Qe8+ Kh7 48. Qxf7+ Kh8 49. Qg7# {BonfilsDussaux est échec et
mat} 1-0

[Event "Champ FRA - Under 12"]
[Site "Europe Echecs"]
[Date "2020.07.08"]
[Round "8"]
[White "OstrovskiyVova"]
[Black "HiltonMarc"]
[Result "0-1"]
[WhiteElo "1260"]
[BlackElo "1546"]
[PlyCount "61"]
[EventDate "2020.??.??"]

1. e4 c5 2. Nf3 d6 3. d4 cxd4 4. Nxd4 Nf6 5. Nc3 a6 6. Bg5 e6 7. Bc4 Be7 8. O-O
Nbd7 9. Bxf6 Nxf6 10. Nf3 Qc7 11. Bb3 b5 12. Ne2 Nxe4 13. Qd4 Nf6 14. Rad1 O-O
15. Qh4 Bb7 16. c3 Bxf3 17. gxf3 d5 18. Bc2 h6 19. Ng3 Ne4 20. Qg4 Ng5 21. Nh5
Bd6 22. h4 f5 23. Qg2 Qf7 24. hxg5 Qxh5 25. gxh6 Qxh6 26. Rfe1 Rf6 27. Kf1 Rg6
28. Qxg6 Qxg6 29. Re2 Kf7 30. Rde1 e5 31. Rd2 {OstrovskiyVova a abandonné} 0-1

[Event "Champ FRA - Under 12"]
[Site "Europe Echecs"]
[Date "2020.07.08"]
[Round "8"]
[White "TouillerThibau"]
[Black "SabeFlavio"]
[Result "1-0"]
[WhiteElo "1504"]
[BlackElo "1259"]
[PlyCount "65"]
[EventDate "2020.??.??"]

1. d4 Nf6 2. Nf3 e6 3. c4 Bb4+ 4. Bd2 a5 5. g3 O-O 6. Bg2 Nc6 7. O-O d5 8. cxd5
Nxd5 9. e4 Nde7 10. a3 Bxd2 11. Qxd2 e5 12. d5 Na7 13. Nc3 f6 14. Ne2 Bg4 15.
Qxa5 Nac6 16. Qd2 Na5 17. Qb4 c5 18. Qc3 b6 19. b4 cxb4 20. axb4 Rc8 21. Qb2
Nc4 22. Qb3 Bxf3 23. Qxf3 Nd2 24. Qd3 Nxf1 25. Rxf1 Qd6 26. Qb3 b5 27. Nc3 Qb6
28. d6+ Rc4 29. dxe7 Rfc8 30. Nd5 Qd6 31. Rd1 Rc3 32. Nxc3+ Kh8 33. Rxd6 {
SabeFlavio a abandonné} 1-0

[Event "Champ FRA - Under 12"]
[Site "Europe Echecs"]
[Date "2020.07.08"]
[Round "8"]
[White "YuMatthieu"]
[Black "ManukyanVahan"]
[Result "0-1"]
[WhiteElo "1250"]
[BlackElo "1480"]
[PlyCount "64"]
[EventDate "2020.??.??"]

1. d4 d5 2. c4 e6 3. Nf3 Nf6 4. Qa4+ Bd7 5. Qb3 c5 6. cxd5 exd5 7. Qxb7 Nc6 8.
Bf4 Rc8 9. e3 cxd4 10. exd4 Bb4+ 11. Nc3 Qe7+ 12. Be2 Nd8 13. Qxa7 Rxc3 14.
bxc3 Bxc3+ 15. Bd2 Bxa1 16. Qb7 Nxb7 17. O-O Bb2 18. Ba6 Nd8 19. Rb1 Qa3 20.
Bf1 Qxa2 21. Rd1 Ne4 22. Re1 Bxd4 23. Nxd4 Qxd2 24. Nf3 Qxf2+ 25. Kh1 O-O 26.
h3 Ng3+ 27. Kh2 Nxf1+ 28. Rxf1 Qxf1 29. h4 Re8 30. h5 Re2 31. Nh4 Qf4+ 32. Kg1
Re1# {YuMatthieu est échec et mat} 0-1

[Event "Champ FRA - Under 12"]
[Site "Europe Echecs"]
[Date "2020.07.08"]
[Round "8"]
[White "ZejliMehdi"]
[Black "LamarreArmand"]
[Result "1-0"]
[WhiteElo "1241"]
[BlackElo "1449"]
[PlyCount "53"]
[EventDate "2020.??.??"]

1. e4 c5 2. Nc3 Nc6 3. g3 g6 4. Bg2 Bg7 5. d3 e6 6. Nge2 Nge7 7. Be3 b6 8. h4
O-O 9. Qd2 d5 10. exd5 exd5 11. Bh6 d4 12. Ne4 Bb7 13. h5 Nf5 14. Bxg7 Kxg7 15.
hxg6 fxg6 16. g4 Nd6 17. Qh6+ Kf7 18. Qxh7+ Ke8 19. Qxg6+ Nf7 20. Nf6+ Ke7 21.
Nd5+ Kd7 22. Qf5+ Ke8 23. Qe6+ Qe7 24. Nxe7 Nxe7 25. Bxb7 Rb8 26. Bc6+ Kd8 27.
Qd7# {LamarreArmand est échec et mat} 1-0

[Event "Champ FRA - Under 12"]
[Site "Europe Echecs"]
[Date "2020.07.08"]
[Round "8"]
[White "GhazaryanGor"]
[Black "KirakosyanEmil"]
[Result "1-0"]
[WhiteElo "1431"]
[BlackElo "1124"]
[PlyCount "123"]
[EventDate "2020.??.??"]

1. e4 e5 2. Nf3 Nc6 3. Bb5 a6 4. Ba4 b5 5. Bb3 h6 6. O-O Nf6 7. c3 d6 8. h3
Nxe4 9. Re1 Nc5 10. Bd5 Ne4 11. Bxc6+ Bd7 12. Bxd7+ Qxd7 13. Rxe4 Be7 14. d4
exd4 15. Nxd4 O-O 16. Rg4 c5 17. Bxh6 Bf6 18. Nf3 Rfe8 19. Nbd2 d5 20. Bg5 Bxg5
21. Rxg5 Re7 22. Nb3 c4 23. Nc5 Qc6 24. Qd4 f6 25. Qxd5+ Qxd5 26. Rxd5 Re2 27.
Rd2 Re7 28. Re1 Rc7 29. Ne4 Raa7 30. Nd4 Rd7 31. Nc5 Rd5 32. Nce6 Rad7 33. Red1
Re5 34. f4 Red5 35. Nf3 Rxd2 36. Rxd2 Re7 37. f5 g6 38. g4 gxf5 39. gxf5 Kf7
40. Rd8 Re8 41. Rxe8 Kxe8 42. Nc7+ Kd7 43. Nxa6 Kd6 44. Nd4 Ke5 45. Kg2 Ke4 46.
Kg3 Kd3 47. h4 Ke4 48. h5 b4 49. h6 bxc3 50. bxc3 Ke5 51. h7 Ke4 52. h8=Q Kd3
53. Qxf6 Kxc3 54. Nb5+ Kc2 55. Qc3+ Kd1 56. Qa1+ Ke2 57. Nc5 c3 58. Nd4+ Ke3
59. Qg1+ Kd2 60. Qf2+ Kd1 61. Qe2+ Kc1 62. Qc2# {KirakosyanEmil est échec et
mat} 1-0